Rückblick 2025 - Ereignisse - Statistiken

Allgemein
  • Dieses Quiz wurde 7 mal gespielt
  • Das Durchschnittsergebnis liegt bei 7 aus 10
Antwortstatistiken
Ereignis Tag % Korrekt
Bei der deutschen Bundeskanzler-Wahl erreicht Friedrich Merz im ersten Wahlgang nicht die erforderliche Mehrheit. 6. Mai
100%
Donald Trump tritt zum zweiten Mal das Amt des Präsidenten der Vereinigten Staaten von Amerika an. 20. Januar
83%
Papst Franziskus stirb im Alter von 88 Jahren. 21. April
83%
In der Schweiz findet das Finale der Fußball-Europameisterschaft der Frauen statt. 27. Juli
83%
Im Louvre findet ein spektakulärer Raub statt, bei dem französische Kronjuwelen im Wert von 88 Millionen Euro gestohlen werden. 19. Oktober
67%
Donald Trump erhält bei der WM-Auslosung von FIFA-Präsident Gianni Infantino einen "Friedenspreis". 5. Dezember
67%
Der erfolgreichste deutsche Kinofilm des Jahres, "Das Kanu des Manitu", startet in den deutschen Kinos. 14. August
50%
Die Feierlichkeiten zur Hochzeit zwischen Jeff Bezos und seiner Verlobten Lauren Sánchez starten in Venedig. 24. Juni
50%
Katy Perry fliegt zusammen mit fünf anderen Frauen mit einer Rakete des Unternehmens Blue Origin ins All. 14. April
33%
Bei einem Coldplay-Konzert kommt es zum "Kiss-Cam-Skandal". 18. Juli
33%
Keine übereinstimmenden Quizze gefunden
Verteilung der Resultate
Anzahl Personen mit jedem Resultat
Perzentil nach korrekt beantworteten Fragen
Ihre Resultats-Entwicklung
Sie haben dieses Quiz noch nicht gespielt